000 00664nam a2200193 i 4500
001 92949
003 ES-MaACL
005 20230906181107.0
007 t|
008 050401s1927 sp |||| | spa d
100 1 _aLoos, Anita.
_973269
245 1 5 _a"Los caballeros las prefieren rubias"
_b: diario revelador de una señorita profesional /
_cAnita Loos ; traducción y prólogo de Ricardo Baeza.
260 _aMadrid :
_bPublicaciones "Atenea",
_c1927.
300 _a236 p. ;
_c17 cm.
594 _aContinuada por: Pero se casan con las morenas.
700 1 _aBaeza, Ricardo,
_d1890-1956
_924620
852 _aES-MaACL
_jF-3319
999 _c92949
_d92949